Las catedrales de Francia

Gespeichert in:
Bibliographische Detailangaben
1. Verfasser: Rodin, Augusto (VerfasserIn)
Format: Buch
Sprache:Spanisch
Veröffentlicht: Buenos Aires El Ateneo 1946
Ausgabe:2a. ed
Schlagworte:
Tags: Tag hinzufügen
Keine Tags, Fügen Sie den ersten Tag hinzu!

MARC

LEADER 00000cam a2200000 a 4500
001 UCC3808
003 CL-VaPUC
008 180615e19460200ag |||||||||||||||||spa|d
082 0 4 |a 726.6  |b ROD  |2 21 
100 0 |a Rodin, Augusto  |e author  |9 597921 
245 1 4 |a Las catedrales de Francia 
250 |a 2a. ed 
300 |a 240 p 
942 |c BK 
945 |d 20180615 12:36:00  |a arojas 
260 |a Buenos Aires  |b El Ateneo  |c 1946 
650 7 |a CATEDRALES  |2 CL-VaPUC  |9 267660 
650 0 |a Arquitectura  |9 804558 
650 0 |a Edificios religiosos  |9 335394 
650 7 |a MONUMENTOS ARQUITECTONICOS  |2 CL-VaPUC  |9 369656 
651 0 |a Francia  |9 255157 
583 |a last modification  |c 20180615 12:36:00  |k Rodrigo Vera 
999 |c 371481  |d 371479 
952 |0 0  |1 0  |3 erd  |4 0  |6 726_600000000000000_ROD_1946  |7 0  |8 A  |9 488487  |a BIBART  |b BIBART  |i 5474744  |o 726.6 ROD 1946  |p 5474744  |r 2025-03-13  |w 2019-11-24  |y BK  |z Catalogado en:20180615  |k ART